000 00374cam a2200157ua 4500
041 _aeng
_h
082 _a330.1
_bTAR/EL
100 _aTarshis, .
245 _aElements of economics /
_cTarshis.
_hTextual Documents
250 _a1 /
_b.
260 _aNew Delhi :
_bS.Chand & Sons ,
_c1962.
300 _a573 ; .
504 _a
942 _cBK
999 _c329716
_d329716